000 03671cam a22004454a 4500
001 125578
003 BJBSDDR
005 20240813101838.0
007 ta
008 110506s2011 enka bq 001 0 eng
010 _a 2011016931
020 _a9781844573448 (pbk. : alk. paper)
020 _a1844573443 (pbk. : alk. paper)
020 _a1844573451 (hbk)
020 _a9781844573455 (hbk)
035 _a(OCoLC)ocn709671560
040 _aDLC
_cDLC
_dYDX
_dBTCTA
_dYDXCP
_dBWX
_dDLC
_beng
041 _aeng
042 _apcc
043 _aa-cc---
_aa-ch---
_aa-cc-hk
050 1 4 _aPN 1993.5
_bC539 2011
082 0 0 _a791.430951
245 0 4 _aThe Chinese cinema book /
_cedited by Song Hwee Lim and Julian Ward.
260 _aHoundmills, Basingstoke, Hampshire ;
_aNew York :
_bPalgrave Macmillan ;
_aLondon :
_bBritish Film Institute,
_c2011.
300 _ax, 218 pages :
_billustrations ;
_c25 cm.
504 _aIncludes bibliographical references and index.
504 _aIncludes filmography.
505 0 _aIntroduction: the Coming of Age of Chinese Cinemas Studies / Song Hwee Lim and Julian Ward -- Territories, Trajectories, Historiographies. Transnational Chinese Cinema Studies / Chris Berry -- National Cinema as Translocal Practice: Reflections on Chinese Film Historiography / Yingjin Zhang -- Cinemas of the Chinese Diaspora / Gina Marchetti -- Six Chinese Cinemas in Search of a Historiography / Song Hwee Lim -- Early Cinema to 1949. Shadow Magic and the Early History of Film Exhibition in China / Xuelei Huang and Zhiwei Xiao -- The Making of a National Cinema: Shanghai Films of the 1930s / Laikwan Pang -- Wartime Cinema: Reconfiguration and Border Navigation / Yiman Wang -- Chinese Film-making on the Eve of the Communist Revolution / Paul G. Pickowicz -- The Forgotten Period: 1949-80. The Remodelling of a National Cinema: Chinese Films of the 17 Years (1949-66) / Julian Ward -- Healthy Realism in Taiwan, 1964-80: Film Style, Cultural Policies, and Mandarin Cinema / Guo-Juin Hong -- The Hong Kong Cantonese Cinema: Emergence, Development and Decline / Stephen Teo -- The New Waves. The Fifth Generation: a Re-assessment / Wendy Larson -- Taiwan New Cinema and Its Legacy / Tonglin Lu -- The Hong Kong New Wave: A Critical Reappraisal / Vivian P. Y. Lee -- Stars, Auteurs and Genres. Dragons Forever: Chinese Martial Arts Stars / Leon Hunt -- The Contemporary Wuxia Revival: Genre Remaking and the Hollywood Transnational Factor / Kenneth Chan -- On the Shoulders of Giants: Tsai Ming-liang, Jia Zhangke, Fruit Chan and the Struggles of Second Generation Auteurism / James Udden -- The Urban Generation: Underground and Independent Films from the PRC / Jason McGrath -- Contemporary Mainstream PRC Cinema / Yomi Braester -- Contemporary Meta Chinese Film Stardom and Transnational Transmedia Celebrity / Anne Ciecko -- Afterword: Liquidity of Being / Rey Chow.
520 _aThe Chinese Cinema Book provides a comprehensive and richly-illustrated companion to the cinemas of the PRC, Hong Kong, Taiwan and the Chinese diaspora. Thematic sections address key issues, periods, genres and movements within Chinese film studies, with contributions from leading scholars in the field.
650 0 _aMotion pictures
_zChina
_xHistory.
650 4 _aCine
_xHistoria
_zChina
_91506
650 0 _aMotion pictures
_zTaiwan
_xHistory.
650 4 _aCine
_xHistoria
_zTaiwan
_91506
650 0 _aMotion pictures
_zChina
_zHong Kong
_xHistory.
650 4 _aMotion pictures
_xPhilosophy.
650 0 _aFilosofĂ­a del cine
_914785
700 1 _aLim, Song Hwee,
_d1965-
_937859
_eeditor
700 1 _aWard, Julian
_937860
_eeditor
942 _2lcc
_cBK
999 _c76581
_d76581